Ice type Pokémon - Statistics

General Stats
  • This quiz has been taken 3 times
  • The average score is 36 of 48
Answer Stats
Answer % Correct
Abomasnow
100%
Articuno
100%
Beartic
100%
Cloyster
100%
Cryogonal
100%
Cubchoo
100%
Dewgong
100%
Froslass
100%
Glalie
100%
Kyurem
100%
Lapras
100%
Mamoswine
100%
Piloswine
100%
Snorunt
100%
Snover
100%
Spheal
100%
Swinub
100%
Vanillish
100%
Vanillite
100%
Vanilluxe
100%
Walrein
100%
Amaura
67%
Aurorus
67%
Avalugg
67%
Baxcalibur
67%
Bergmite
67%
Cetoddle
67%
Chien-Pao
67%
Crabominable
67%
Delibird
67%
Frigibax
67%
Frosmoth
67%
Glastrier
67%
Iron Bundle
67%
Jynx
67%
Regice
67%
Sealeo
67%
Smoochum
67%
Sneasel
67%
Snom
67%
Weavile
67%
Arctibax
33%
Cetitan
33%
Eiscue
33%
Glaceon
33%
Mr. Rime
33%
Arctovish
0%
Arctozolt
0%
No matching quizzes found
Score Distribution
Percent of People with Each Score
Percentile by Number Answered
Your Score History
You have not taken this quiz